| 000 | 00558 a2200169 4500 | ||
|---|---|---|---|
| 020 | _a0071009566 | ||
| 020 | _a9780071009560 | ||
| 090 |
_c799 _d799 |
||
| 100 | 1 | _aTaylor. | |
| 245 | 1 | 0 |
_aQuality control systems / _cTaylor. |
| 260 |
_a[S.l.] : _bMcGraw-Hill Education, _c1990. |
||
| 300 | _a1 v. (unpaged) | ||
| 500 | _aPaperback. | ||
| 856 | 4 | 0 |
_3Amazon.com _uhttp://www.amazon.com/exec/obidos/ASIN/0071009566/chopaconline-20 |
| 856 | 4 | 0 |
_3Amazon customer reviews _uhttp://www.chopac.org/cgi-bin/tools/azrev.pl?q=0071009566 |
| 942 |
_aNBS _cBK _k658.562 TAY |
||
| 999 |
_c343346 _d343346 |
||